Normal view
MARC view
- Cain, George L
Entry Personal Name
001 - CONTROL NUMBER
- control field: 75743
003 - CONTROL NUMBER IDENTIFIER
- control field: NUST
005 - DATE AND TIME OF LATEST TRANSACTION
- control field: 20210628205459.0
008 - FIXED-LENGTH DATA ELEMENTS
- fixed length control field: 210628|| aca||aabn | a|a d
040 ## - CATALOGING SOURCE
- Original cataloging agency: NUST
- Transcribing agency: NUST
100 ## - HEADING--PERSONAL NAME
- Personal name: Cain, George L
670 ## - SOURCE DATA FOUND
- Source citation: Work cat.: (NUST): Cain, George L, Introduction to general topology, 1994
